000 00662nam a2200217 i 4500
001 102534
003 ES-MaACL
005 20250827062616.0
007 t|
008 051117s1968 sp ||||1| spa d
080 _a342.4(460)"1808/1936"
110 1 _aEspaña
_93622
240 1 0 _aLeyes, etc., políticas
245 1 0 _aLeyes políticas españolas fundamentales (1808-1936) /
_cE. Tierno Galván.
260 _aMadrid :
_bTecnos,
_c1968.
300 _aXXIX, 534 p. ;
_c20 cm.
650 4 _aConstituciones-
_zEspaña.
_911292
700 1 _aTierno Galván, Enrique,
_d1918-1986
_9110235
852 4 _aES-MaACL
_jC-56774
999 _c102534
_d102534